000 01883nam0a2200409 4500
001 RU\NLR\bibl\369425
005 20260406085740.0
010 _a5-85746-710-1
_9500
021 _aRU
_b2003-128
_98
035 _a(NLR Aleph) 000363978
090 _a353406
_c353406
100 _a20030219d2002 |||y0rusy50 ca
101 0 _arus
102 _aRU
105 _aa |||||||||
200 1 _aКВЧ-терапия низкоинтенсивным шумовым излучением
_fВ. А. Балчугов, А. Г. Полякова, С. И. Анисимов и др.
_gМ-во образования Рос. Федерации, Нижегор. гос. ун-т им. Н. И. Лобачевского, Воен.-мед. ин-т погранич. службы Рос. Федерации
210 _aНижний Новгород
_cИзд-во Нижегор. госуниверситета
_d2002
215 _a189 с.
_cил.
_d20
320 _aБиблиогр.: с. 171-184
606 0 _aКВЧ-терапия
_91897467
_3RU\NLR\auth\661153615
610 0 _aЭлектромагнитные волны - Лечебное применение
610 0 _aФизиотерапия
675 _a615.849.19
_v3
_zrus
686 _a76.29
_2rugasnti
686 _a53.54
_2rubbk
686 _aР354.26
701 1 _aБалчугов
_bВ. А.
_gВладимир Аркадьевич
701 1 _8rus
_7ca
_aПолякова
_bА. Г
_cд-р мед. наук
_gАлла Георгиевна
_3RU\NLR\auth\7734384
_917388
701 1 _4070
_7ca
_8rus
_aАнисимов
_bС. И.
_cд-р физ.-мат. наук
_f1934-2019
_gСергей Иванович
_3RU\NLR\AUTH\770280330
_92652297
801 0 _aRU
_bRKP
_c20030219
_gPSBO
801 1 _aRU
_bRKP
_c20030219
801 2 _aRU
_bNLR
_c20130321
_grcr
942 _cBOOK
980 _aNB
980 _aNBR